| 000 | 00747nam a2200229 a 4500 | ||
|---|---|---|---|
| 999 |
_c1404 _d1404 |
||
| 001 | 1404 | ||
| 003 | BD-JhCC | ||
| 005 | 20171018193705.0 | ||
| 008 | 171018s2009 bg |||| ||a| 000 0 ben d | ||
| 020 | _a9847016900594 | ||
| 035 | _a(BD-JhCC)1404 | ||
| 040 |
_aBD-JhCC _dBD-JhCC |
||
| 041 | _aben | ||
| 082 |
_a330.95492 _bMHM 2009 |
||
| 100 | _aমুহাম্মদ, আনু | ||
| 245 |
_aঅরক্ষিত দেশ অরক্ষিত মানুষ / _cআনু মুহাম্মদ |
||
| 260 |
_aঢাকা : _bঅ্যাডর্ন পাবিলকেন প্রকাশনী, _c২০০৯. |
||
| 300 |
_a144 p. : _c21 cm. |
||
| 650 |
_aEconomics Condition _zBangladesh |
||
| 942 |
_2ddc _cBK |
||